Quiz Histoire Géo Verthamon - Statistiques

Statistiques générales
  • Ce quiz a été pris 16 fois
  • Le résultat moyen est 4 sur 13
Statistiques - réponses
Définition Mot % Correct
sol gelé en permanence pergélisol
71%
passage d'un régime traditionnel avec une mortalité et une fécondité élevée à un régime moderne avec une mortalité et une fécondité faibles transition démographique
57%
différence entre le nombre de naissances et de décès accroissementnaturel
43%
étude du peuplement démographie
43%
économie peu diversifiée qui repose sur l'exploitation des ressources naturelles économie de rente
43%
passage d'une population majoritairement rurale à une population majoritairement urbaine transition urbaine
43%
extension des surfaces artificielles en périphérie des agglomérations périurbanisation
29%
évolution typique d'une population sur plusieurs générationselon ses différentes composantes trajectoiredémographique
29%
surface du territoire proportionnelle au phénomène représenté carte en anamorphose
14%
l'Etat ne peut plus, n'a plus les moyens d'aider la population inégalité sociale
14%
représentation graphique qui permet de visualiser la répartition d'une population en fonction du genre et de l'âge pyramide des âges
14%
séparation des habitants dans différents quartiers selon leurrevenus et leur catégorie sociale ségrégation socio-spatiale
14%
groupe de pays en développement avec une forte croissance etdont les conditions de vie s'améliorent mais restent marqués par les inégalités sociales CIVETS
0%
Aucun quiz correspondant
Distribution des résultats
% des personnes avec chaque résultat
Percentile par nombre de réponses
Votre historique - résultats
Vous n’avez pas pris ce quiz